Normal view
MARC view
- Saqib
Entry Personal Name
001 - CONTROL NUMBER
- control field: 47854
003 - CONTROL NUMBER IDENTIFIER
- control field: NUST
005 - DATE AND TIME OF LATEST TRANSACTION
- control field: 20210314133922.0
008 - FIXED-LENGTH DATA ELEMENTS
- fixed length control field: 210314|| aca||aabn | a|a d
040 ## - CATALOGING SOURCE
- Original cataloging agency: NUST
- Transcribing agency: NUST
100 ## - HEADING--PERSONAL NAME
- Personal name: Saqib
670 ## - SOURCE DATA FOUND
- Source citation: Work cat.: (NUST): Saqib, Computerisation of engineer reconnissance and planing data book, 19-4-2000.
